<?xml version="1.0" encoding="UTF-8"?>
<collection xmlns="http://www.loc.gov/MARC21/slim">
 <record>
  <leader>01727nam a2200241 a 4500</leader>
  <controlfield tag="001">1/46561</controlfield>
  <controlfield tag="008">160721s2011    enk      b    001 0 eng  </controlfield>
  <datafield tag="020" ind1=" " ind2=" ">
   <subfield code="a">9780199732654</subfield>
  </datafield>
  <datafield tag="035" ind1=" " ind2=" ">
   <subfield code="l">49538</subfield>
  </datafield>
  <datafield tag="040" ind1=" " ind2=" ">
   <subfield code="a">DLC</subfield>
   <subfield code="b">GR-PeUP</subfield>
  </datafield>
  <datafield tag="082" ind1="0" ind2="0">
   <subfield code="a">658.4'08 KOL</subfield>
  </datafield>
  <datafield tag="100" ind1="1" ind2=" ">
   <subfield code="a">Kolstad, Charles D.</subfield>
  </datafield>
  <datafield tag="245" ind1="1" ind2="0">
   <subfield code="a">Intermediate environmental economics /</subfield>
   <subfield code="c">Charles D. Kolstad.</subfield>
  </datafield>
  <datafield tag="250" ind1=" " ind2=" ">
   <subfield code="a">2η έκδοση.</subfield>
  </datafield>
  <datafield tag="260" ind1=" " ind2=" ">
   <subfield code="a">New York :</subfield>
   <subfield code="b">Oxford University Press,</subfield>
   <subfield code="c">2011.</subfield>
  </datafield>
  <datafield tag="300" ind1=" " ind2=" ">
   <subfield code="a">ix, 470 σ. :</subfield>
   <subfield code="b">διαγρ.,</subfield>
   <subfield code="c">24 εκ.</subfield>
  </datafield>
  <datafield tag="500" ind1=" " ind2=" ">
   <subfield code="a">Περιεχόμενα : 1. The Environment and Eonomics ; 2. Normative and Positive Economic Analysis ; - How much environmental quality? ; 3. Social Choice: How Much Environmental Protection? ; 4. Efficiency and Markets ; 5. Market Failure: Public Goods, Public Bads and Externalities ; 6. Making Decisions about Environmental Programs ; 7. Demand for Environmental Goods ; 8. Hedonic Price Methods ; 9. Household Production ; 10. Constructed Markets ; REGULATING INDIVIDUALS AND FIRMS ; 11. Regulating Pollution ; 12. Prices ; 13. Property rights ; 14. Spatial and Temporal Issues ; 15. Regulating Polluters with Unknown Costs ; 16. Audits, Enforcement and Moral Hazard ; 17. Voluntary Actions and Agreements ; ADVANCED TOPICS ; 18. Risk and Uncertainty ; 19. International and Interregional Competition ; 20. Environment, Growth and Development.</subfield>
  </datafield>
  <datafield tag="504" ind1=" " ind2=" ">
   <subfield code="a">Περιέχει βιβλιογραφία και ευρετήριο.</subfield>
  </datafield>
  <datafield tag="650" ind1=" " ind2="4">
   <subfield code="a">Environmental economics.</subfield>
  </datafield>
  <datafield tag="650" ind1=" " ind2="4">
   <subfield code="a">Natural resources.</subfield>
  </datafield>
  <datafield tag="650" ind1=" " ind2="4">
   <subfield code="a">Περιβαλλοντική οικονομική.</subfield>
  </datafield>
  <datafield tag="852" ind1=" " ind2=" ">
   <subfield code="a">INST</subfield>
   <subfield code="b">UNIPILB</subfield>
   <subfield code="c">MAIN</subfield>
   <subfield code="e">20160721</subfield>
   <subfield code="h">658.4'08 KOL</subfield>
   <subfield code="p">00175611</subfield>
   <subfield code="q">00175611</subfield>
   <subfield code="t">BIO</subfield>
   <subfield code="y">0</subfield>
   <subfield code="4">1</subfield>
  </datafield>
  <datafield tag="856" ind1="4" ind2=" ">
   <subfield code="d">/webopac/covers/03/49538_9780199732654.jpg</subfield>
  </datafield>
 </record>
</collection>
